Language Quiz

Random Language Quiz
Score 0/31 Timer 07:00
0 Plays Today
Language Group Language % Correct
North GermanicSwedish
91.6%
West GermanicEnglish
89.9%
North GermanicDanish
89.5%
North GermanicNorwegian
86.9%
West GermanicDutch
86.5%
North GermanicIcelandic
80.6%
West GermanicFrisian
60.8%
West GermanicLow German
49.8%
West GermanicFlemish
48.9%
West GermanicHigh German
48.9%
North GermanicFaroese
48.1%
West GermanicAfrikaans
41.4%
East GermanicGothic
38.8%
West GermanicYiddish
30%
North GermanicOld Norse
27.4%
West GermanicOld English
25.3%
Language Group Language % Correct
West GermanicMiddle English
20.7%
North GermanicOld Icelandic
14.8%
North GermanicOld Swedish
14.3%
West GermanicMiddle High German
13.9%
North GermanicOld Norwegian
13.5%
West GermanicOld High German
13.5%
North GermanicOld Danish
13.1%
North GermanicMiddle Swedish
11.4%
North GermanicMiddle Norwegian
11%
North GermanicMiddle Danish
11%
West GermanicMiddle Low German
11%
West GermanicOld Frisian
10.1%
West GermanicMiddle Dutch
8%
West GermanicOld Saxon
5.9%
West GermanicOld Low Franconian
3.8%
Come Together.
Have Fun.
All Virtual.
We all need to come together. Play Sporcle's virtual live trivia to have fun, connect with people, and get your trivia on. Join a live hosted trivia game for your favorite pub trivia experience done virtually. If a virtual private party is more your thing, go here for details.

You're not logged in!

Compare scores with friends on all Sporcle quizzes.
OR
Log In

Sporcle TV

Today on Sporcle TV


Watch our educational content, quiz creation guides, and fun videos on Sporcle TV.

Show Comments

Extras

Created Feb 17, 2011ReportNominate
Tags:Germanic Languages, group

Top Quizzes Today


Score Distribution

Paid Content

Your Account Isn't Verified!

In order to create a playlist on Sporcle, you need to verify the email address you used during registration. Go to your Sporcle Settings to finish the process.

Report this User

Report this user for behavior that violates our Community Guidelines.

Details: